Pastierska kapsička /

Hlavní autor: Šikula, Vincent, 1936-2001
Další autoři: Hološka, Ľudovít, 1943-
Jazyk: Slovenština
Vydáno: Bratislava : Smena, 1990
Vydání: 1. vyd.
Edice: Erb (Smena)
Fyzický popis: 179 s. : il.
Knihy
Uloženo v:
LEADER 00752nam a22002412a 4500
001 000857665
003 CZ BrMZK
005 20071026124228.0
007 ta
008 070717s1990 xo a er|||||||||||slo d
040 |a BOA001  |b cze 
100 1 |a Šikula, Vincent,  |d 1936-2001  |7 jn19990209851  |4 aut 
245 1 0 |a Pastierska kapsička /  |c Vincent Šikula ; ilustroval Ľudovít Hoůoška 
250 |a 1. vyd. 
260 |a Bratislava :  |b Smena,  |c 1990 
300 |a 179 s. :  |b il. 
490 1 |a Erb ;  |v zv. 60 
700 1 |a Hološka, Ľudovít,  |d 1943-  |7 jn20000602988  |4 ill 
830 0 |a Erb (Smena) 
910 |a BOA001  |b 1-0955.644 
990 |a BK 
991 |b 200707 
996 7 |b 2619604683  |c 1-0955.644  |l MZK  |r Sklad / do 1 hodiny  |n 0  |w 000857665  |u 000010  |a 1  |e BOA001  |j MZK50  |s A